[Event "C.to Regionale Lombardia"]
[Site "Solaro ITA"]
[Date "2011.05.27"]
[Round "1"]
[White "Aldeghi, Damiano"]
[Black "Brigatti, Lorenzo"]
[Result "0-1"]
[WhiteElo "1416"]
[BlackElo "1841"]
[PlyCount "86"]
[EventDate "2011.05.27"]

1. e4 c5 2. Nf3 d6 3. Nc3 g6 4. Bb5+ Bd7 5. Bxd7+ Qxd7 6. O-O Nf6 7. d4 cxd4 8.
Nxd4 Bg7 9. Qd3 O-O 10. Re1 Nc6 11. Nxc6 Qxc6 12. f3 Rac8 13. Be3 Nd7 14. Nd5
Rfe8 15. c3 Ne5 16. Qe2 Nc4 17. Bxa7 b6 18. Qf2 Ra8 19. Bxb6 e6 20. Ne3 Nxb6
21. Rad1 Rxa2 22. Rd2 d5 23. exd5 exd5 24. Red1 Nc4 25. Nxc4 dxc4 26. h3 Qa4
27. Kh2 Ra1 28. Rxa1 Qxa1 29. f4 Qe1 30. Qxe1 Rxe1 31. Rd8+ Bf8 32. Rd4 Re2 33.
Rxc4 Rxb2 34. Rc8 Rc2 35. c4 Kg7 36. Kg3 Bd6 37. Rc6 Rc3+ 38. Kf2 Bxf4 39. Ke2
h5 40. Rc8 Kf6 41. Rc6+ Kg5 42. Kf2 f6 43. Rc5+ Be5 0-1

[Event "C.to Regionale Lombardia"]
[Site "Solaro ITA"]
[Date "2011.05.27"]
[Round "1"]
[White "Barolo, Andrea"]
[Black "Bertamini, Alberto"]
[Result "1-0"]
[WhiteElo "1964"]
[BlackElo "1671"]
[PlyCount "47"]
[EventDate "2011.05.27"]

1. e4 c5 2. c3 e6 3. d4 cxd4 4. cxd4 Bb4+ 5. Bd2 Bxd2+ 6. Qxd2 d5 7. e5 Bd7 8.
Nc3 Qb6 9. Nf3 Ne7 10. Bd3 Nbc6 11. Bb1 h6 12. O-O Na5 13. Bd3 Rc8 14. Rac1 Nf5
15. Bxf5 Nc4 16. Qe2 exf5 17. Nxd5 Qa6 18. b3 Bb5 19. a4 Bd7 20. Rxc4 b5 21.
Nc7+ Rxc7 22. Rxc7 Qb6 23. Rfc1 Kd8 24. Qc2 1-0

[Event "C.to Regionale Lombardia"]
[Site "Solaro ITA"]
[Date "2011.05.27"]
[Round "1"]
[White "Bellia, Fabrizio"]
[Black "Miracola, Giorgia"]
[Result "1-0"]
[WhiteElo "2415"]
[BlackElo "1753"]
[PlyCount "63"]
[EventDate "2011.05.27"]

1. e4 c5 2. Nf3 d6 3. d4 cxd4 4. Nxd4 Nf6 5. Nc3 a6 6. Bc4 e6 7. O-O Be7 8. Bb3
O-O 9. f4 Qc7 10. f5 e5 11. Nde2 Nbd7 12. Nd5 Qd8 13. Nxe7+ Qxe7 14. Nc3 b5 15.
a4 bxa4 16. Bd5 Rb8 17. Rxa4 Nb6 18. Ra5 Bb7 19. Bxb7 Qxb7 20. Qd3 Nbd7 21.
Qxd6 Qb6+ 22. Qxb6 Rxb6 23. Rd1 Rc6 24. Kf2 Nc5 25. Kf3 Rb8 26. Be3 Ncd7 27.
Ra2 h6 28. g4 Rc4 29. h4 Nc5 30. Bxc5 Rxc5 31. Rxa6 Rxb2 32. Na4 1-0

[Event "C.to Regionale Lombardia"]
[Site "Solaro ITA"]
[Date "2011.05.27"]
[Round "1"]
[White "Cervini, Gian Piero"]
[Black "Borgo, Giulio"]
[Result "0-1"]
[WhiteElo "1752"]
[BlackElo "2399"]
[PlyCount "62"]
[EventDate "2011.05.27"]

1. e4 c5 2. c3 d5 3. exd5 Qxd5 4. Nf3 g6 5. d4 Nf6 6. dxc5 Qxc5 7. Be3 Qc7 8.
Be2 Bg7 9. O-O O-O 10. Qc1 Re8 11. Na3 Nbd7 12. Nb5 Qb8 13. Rd1 a6 14. Nbd4 e5
15. Nc2 b6 16. a4 Bb7 17. a5 b5 18. Nb4 Bf8 19. Ne1 Nc5 20. Qc2 Qc7 21. Nbd3
Ncd7 22. b4 Rac8 23. Rac1 Nd5 24. Nc5 Nxe3 25. fxe3 Nxc5 26. bxc5 Bxc5 27. Kf2
Bxe3+ 28. Kxe3 Qc5+ 29. Kd2 Rcd8+ 30. Nd3 e4 31. Ke1 Qg1+ 0-1

[Event "C.to Regionale Lombardia"]
[Site "Solaro ITA"]
[Date "2011.05.27"]
[Round "1"]
[White "Coppola, Federico"]
[Black "Rettore, Ludwig"]
[Result "0-1"]
[WhiteElo "1746"]
[BlackElo "2163"]
[PlyCount "73"]
[EventDate "2011.05.27"]

1. e4 c5 2. Nf3 e6 3. d4 cxd4 4. Nxd4 Nc6 5. Nc3 d6 6. g4 Be7 7. Be3 Bd7 8. Qe2
a6 9. O-O-O Qc7 10. f4 b5 11. Qf3 Rc8 12. Rd2 Nxd4 13. Bxd4 b4 14. Ne2 e5 15.
Be3 Nf6 16. g5 Nxe4 17. Qxe4 Bc6 18. Qf5 Bxh1 19. Ng3 g6 20. Qh3 Bb7 21. f5 d5
22. fxg6 fxg6 23. Bd3 O-O 24. Qh6 Rf7 25. Bxg6 hxg6 26. Qxg6+ Kf8 27. Qh6+ Ke8
28. g6 Rf8 29. g7 Rg8 30. Nf5 Qc6 31. Qh5+ Kd7 32. Rf2 Qe6 33. Nxe7 Rxg7 34.
Nf5 Rg1+ 35. Kd2 Rxc2+ 36. Kxc2 Qc6+ 37. Kd3 0-1

[Event "C.to Regionale Lombardia"]
[Site "Solaro ITA"]
[Date "2011.05.27"]
[Round "1"]
[White "Gonella, Graziano"]
[Black "Ronconi, Fausto"]
[Result "0-1"]
[WhiteElo "1235"]
[BlackElo "1754"]
[PlyCount "72"]
[EventDate "2011.05.27"]

1. g3 d5 2. d4 e6 3. Bg2 Nf6 4. c4 c6 5. Nc3 dxc4 6. Nf3 Nbd7 7. O-O Nd5 8. e4
Nxc3 9. bxc3 Be7 10. Qa4 Nb6 11. Qc2 O-O 12. e5 Nd5 13. a4 Qa5 14. Bb2 Bd7 15.
Nd2 Nb6 16. Ne4 Rac8 17. f4 c5 18. Nd6 Bxd6 19. exd6 Nd5 20. Rfe1 Qb6 21. Ba3
cxd4 22. Kh1 Nxc3 23. Bf3 Bxa4 24. Qg2 Bc6 25. d7 Bxf3 26. Qxf3 Rcd8 27. Bxf8
Kxf8 28. h4 Rxd7 29. Qh5 h6 30. Ra5 Rd5 31. Re5 Qxa5 32. Rxd5 Qxd5+ 33. Qxd5
Nxd5 34. Kg2 d3 35. Kf3 c3 36. Ke4 d2 0-1

[Event "C.to Regionale Lombardia"]
[Site "Solaro ITA"]
[Date "2011.05.27"]
[Round "1"]
[White "Greco, Umberto"]
[Black "Gonella, Daniele"]
[Result "0-1"]
[WhiteElo "1702"]
[BlackElo "2022"]
[PlyCount "58"]
[EventDate "2011.05.27"]

1. c4 e5 2. Nc3 Nf6 3. d3 b6 4. Nf3 d6 5. g3 Bb7 6. Bg2 Nbd7 7. O-O Rb8 8. Rb1
Be7 9. b4 O-O 10. a4 c6 11. Nd2 d5 12. Qb3 d4 13. Nce4 Nxe4 14. Nxe4 f5 15. Nd2
c5 16. b5 Nf6 17. f3 Qc7 18. Qd1 Rbe8 19. Re1 Bd6 20. Qc2 e4 21. Bb2 e3 22. Nf1
g5 23. a5 g4 24. axb6 axb6 25. Ra1 f4 26. Ra2 fxg3 27. Nxg3 Bxg3 28. hxg3 Qxg3
29. Rf1 Re5 0-1

[Event "C.to Regionale Lombardia"]
[Site "Solaro ITA"]
[Date "2011.05.27"]
[Round "1"]
[White "Guerini, Silvia jr"]
[Black "Sala, Giovanni"]
[Result "0-1"]
[WhiteElo "1690"]
[BlackElo "1969"]
[PlyCount "66"]
[EventDate "2011.05.27"]

1. e4 c5 2. Nf3 d6 3. d4 cxd4 4. Nxd4 Nf6 5. f3 a6 6. c4 e6 7. Nc3 Be7 8. Be3
Qc7 9. Be2 Nbd7 10. Rc1 b6 11. O-O Bb7 12. Qe1 O-O 13. Qf2 Rac8 14. b3 Rfe8 15.
Rfd1 Qb8 16. Na4 d5 17. exd5 exd5 18. Nc2 Bd6 19. Nxb6 Nxb6 20. Bxb6 Bxh2+ 21.
Kf1 Bg3 22. Qg1 Qe5 23. Ne3 Bf4 24. Rd3 dxc4 25. bxc4 Nd5 26. Rxd5 Bxd5 27. Re1
Bb7 28. Ng4 Qb2 29. Bd4 Qxa2 30. Qf2 h5 31. Ne3 Be5 32. Ra1 Qb3 33. Bd1 Qd3+
0-1

[Event "C.to Regionale Lombardia"]
[Site "Solaro ITA"]
[Date "2011.05.27"]
[Round "1"]
[White "Lamera, Giuseppe"]
[Black "Petrone, Gianmario"]
[Result "0-1"]
[WhiteElo "1462"]
[BlackElo "1853"]
[PlyCount "94"]
[EventDate "2011.05.27"]

1. e4 c5 2. Nf3 d6 3. d4 cxd4 4. Nxd4 Nf6 5. Nc3 a6 6. Bc4 e6 7. a3 b5 8. Bb3
Be7 9. O-O O-O 10. Nf3 Nbd7 11. Re1 Bb7 12. Bf4 Nc5 13. Nd2 Nxb3 14. Nxb3 Qb6
15. Bg3 Rfd8 16. Qd4 Qxd4 17. Nxd4 Nh5 18. Re3 Rac8 19. Rc1 Bg5 20. Rce1 Bxe3
21. Rxe3 Nxg3 22. hxg3 Rc4 23. Rd3 b4 24. axb4 Rxb4 25. b3 Rc8 26. f3 Rxd4 27.
Rxd4 Rxc3 28. Rxd6 g6 29. Rd2 Bc6 30. Kf2 Kg7 31. Ke1 Bb5 32. Kd1 h5 33. Kc1
Rc5 34. Rd4 Bf1 35. Rd2 Rg5 36. Rf2 Bb5 37. c4 Bc6 38. Kd2 Rxg3 39. Ke3 Rg5 40.
b4 Kf6 41. Kd4 Ke7 42. Re2 Kd7 43. Rd2 Kc7 44. Ke3 h4 45. Kf4 Rh5 46. Kg4 e5
47. Rb2 Bd7# 0-1

[Event "C.to Regionale Lombardia"]
[Site "Solaro ITA"]
[Date "2011.05.27"]
[Round "1"]
[White "Lapiccirella, Daniele"]
[Black "Falchi, Claudio"]
[Result "1-0"]
[WhiteElo "2236"]
[BlackElo "1750"]
[PlyCount "83"]
[EventDate "2011.05.27"]

1. d4 e6 2. c4 Nf6 3. Bg5 Be7 4. Nc3 d5 5. cxd5 exd5 6. e3 O-O 7. Bd3 b6 8.
Bxf6 Bxf6 9. Qh5 g6 10. Qxd5 c6 11. Qxd8 Rxd8 12. Nge2 Bb7 13. Be4 Nd7 14. O-O
Rac8 15. Rfd1 Ba6 16. Bd3 Bb7 17. Ne4 Be7 18. N2c3 c5 19. d5 Nf6 20. d6 Bxe4
21. Nxe4 Rxd6 22. Nxd6 Bxd6 23. Bxg6 Bxh2+ 24. Kxh2 hxg6 25. f3 Kf8 26. Kg3 Ke7
27. Kf2 b5 28. Rac1 a5 29. Rd2 c4 30. e4 Ke6 31. Ke3 Ke5 32. f4+ Ke6 33. e5
Nd5+ 34. Ke4 Nb4 35. b3 c3 36. Rd6+ Ke7 37. a3 Na2 38. Rc2 b4 39. a4 f5+ 40.
Kd3 Rc5 41. Rxa2 g5 42. g3 1-0

[Event "C.to Regionale Lombardia"]
[Site "Solaro ITA"]
[Date "2011.05.27"]
[Round "1"]
[White "Maccarini, Luca Nicola"]
[Black "Guerini, Sara"]
[Result "1-0"]
[WhiteElo "1937"]
[BlackElo "1603"]
[PlyCount "77"]
[EventDate "2011.05.27"]

1. d4 d5 2. Nf3 Nf6 3. c4 e6 4. Nc3 Nbd7 5. Bg5 Be7 6. e3 b6 7. cxd5 exd5 8.
Bd3 Bb7 9. O-O Ne4 10. Bxe7 Qxe7 11. Rc1 a6 12. Qb3 Ndf6 13. Ne5 Nd2 14. Qa4+
b5 15. Nxb5 axb5 16. Qxb5+ c6 17. Nxc6 Qd7 18. Bf5 Bxc6 19. Bxd7+ Bxd7 20. Qb7
O-O 21. Rfd1 Rab8 22. Qc7 Rxb2 23. Rc2 Rxc2 24. Qxc2 Nc4 25. Qb3 Ra8 26. Qb7
Rxa2 27. e4 dxe4 28. Qb8+ Be8 29. d5 e3 30. fxe3 Nxe3 31. Re1 Ra3 32. d6 Rd3
33. d7 Rxd7 34. Rxe3 Kf8 35. h3 Rd5 36. Kf2 Rb5 37. Qd6+ Kg8 38. Qd8 Kf8 39.
Qe7+ 1-0

[Event "C.to Regionale Lombardia"]
[Site "Solaro ITA"]
[Date "2011.05.27"]
[Round "1"]
[White "Marchini, Daniele"]
[Black "Molinelli, Luigi"]
[Result "1-0"]
[WhiteElo "1799"]
[BlackElo "1273"]
[PlyCount "55"]
[EventDate "2011.05.27"]

1. d4 Nf6 2. c4 e6 3. Nc3 c5 4. d5 d6 5. e4 e5 6. f4 Be7 7. fxe5 Ng4 8. e6 Ne5
9. exf7+ Nxf7 10. Nf3 O-O 11. Be2 Bf6 12. Bd2 a6 13. O-O Nd7 14. Rb1 a5 15. Nb5
Nde5 16. Nxe5 Bxe5 17. Bf4 Bxf4 18. Rxf4 Qg5 19. Qf1 Bh3 20. Rf3 Rae8 21. Rxh3
Rxe4 22. Rf3 Qe7 23. Bd3 Rh4 24. Qf2 Rh5 25. Re1 Re5 26. Rxe5 Nxe5 27. Rxf8+
Qxf8 28. Bxh7+ 1-0

[Event "C.to Regionale Lombardia"]
[Site "Solaro ITA"]
[Date "2011.05.27"]
[Round "1"]
[White "Miracola, Massimiliano"]
[Black "Biava, Pierluigi"]
[Result "1-0"]
[WhiteElo "1970"]
[BlackElo "1700"]
[PlyCount "73"]
[EventDate "2011.05.27"]

1. e4 c5 2. Nf3 d6 3. d4 cxd4 4. Nxd4 a6 5. Nc3 Nf6 6. Be2 Qc7 7. O-O g6 8. Bg5
Nbd7 9. Re1 h6 10. Be3 Nc5 11. Bf3 e5 12. Nb3 Ne6 13. Qd2 g5 14. g3 Bd7 15. a4
g4 16. Bg2 Rc8 17. a5 Qb8 18. Nd5 Nxd5 19. exd5 Ng5 20. Bxg5 hxg5 21. Qxg5 Rxc2
22. Nd4 Rxb2 23. Qc1 Rb4 24. Qc3 Rxd4 25. Qxd4 Be7 26. Qb4 f5 27. Rab1 Bc8 28.
Rec1 Kf7 29. Bf1 Qa8 30. Rc7 Rd8 31. Rbc1 Kf6 32. f4 Bd7 33. Qxb7 Qxb7 34. Rxb7
exf4 35. gxf4 Bf8 36. Rcc7 Bc8 37. Rb8 1-0

[Event "C.to Regionale Lombardia"]
[Site "Solaro ITA"]
[Date "2011.05.27"]
[Round "1"]
[White "Monticelli, Francesco"]
[Black "Sirletti, Sonia"]
[Result "0-1"]
[WhiteElo "1667"]
[BlackElo "1959"]
[PlyCount "42"]
[EventDate "2011.05.27"]

1. e4 d6 2. d4 Nf6 3. Nc3 Nbd7 4. Bc4 e5 5. Nf3 Be7 6. O-O O-O 7. Be3 a6 8. a3
b5 9. Bd3 Bb7 10. Re1 Re8 11. h3 exd4 12. Nxd4 c5 13. Nf5 Ne5 14. Bf4 Bf8 15.
Re3 Qd7 16. Rg3 Ng6 17. Qf3 c4 18. Bf1 Nxe4 19. Qg4 Nf6 20. Qg5 Qd8 21. Ne3 h6
0-1

[Event "C.to Regionale Lombardia"]
[Site "Solaro ITA"]
[Date "2011.05.27"]
[Round "1"]
[White "Moroni, Luca jr"]
[Black "Canciani, Alberto"]
[Result "1-0"]
[WhiteElo "1911"]
[BlackElo "1587"]
[PlyCount "67"]
[EventDate "2011.05.27"]

1. e4 e6 2. d4 c5 3. Nf3 Qc7 4. Nc3 a6 5. Be3 b6 6. Be2 Bb7 7. O-O d6 8. a4 Nd7
9. Nd2 Ngf6 10. f4 g6 11. Bf3 h5 12. h3 Be7 13. e5 Nd5 14. Nxd5 exd5 15. c4
dxc4 16. exd6 Bxd6 17. Nxc4 Bxf3 18. Qxf3 O-O 19. Nxd6 Qxd6 20. dxc5 Nxc5 21.
Rfd1 Qb8 22. b4 Ne6 23. f5 Ng7 24. fxg6 fxg6 25. Qc6 Kh7 26. Qxb6 Qxb6 27. Bxb6
Nf5 28. Rd7+ Kg8 29. Rc1 h4 30. Rc6 Rac8 31. Rxg6+ Kh8 32. Bc5 Rg8 33. Bd4+
Nxd4 34. Rh6# 1-0

[Event "C.to Regionale Lombardia"]
[Site "Solaro ITA"]
[Date "2011.05.27"]
[Round "1"]
[White "Oteri, Aldo"]
[Black "Vitale, Aurora"]
[Result "1-0"]
[WhiteElo "1839"]
[BlackElo "1416"]
[PlyCount "63"]
[EventDate "2011.05.27"]

1. e4 e5 2. Nf3 Nc6 3. Bb5 d6 4. d4 Nf6 5. dxe5 Nxe4 6. Qd5 Nc5 7. Bg5 Be7 8.
Bxe7 Qxe7 9. Bxc6+ Bd7 10. Bxd7+ Qxd7 11. exd6 cxd6 12. O-O O-O 13. Nc3 Ne6 14.
Rad1 Nf4 15. Qg5 Ng6 16. h4 h6 17. Qg3 Rad8 18. h5 Ne7 19. Ne4 Nf5 20. Nf6+ Kh8
21. Nxd7 Nxg3 22. Nxf8 Nxf1 23. Kxf1 Rxf8 24. Rxd6 Rc8 25. Rd7 Rxc2 26. Rxb7
Rc1+ 27. Ke2 Kg8 28. Ne5 f6 29. Rb8+ Kh7 30. Ng6 Rc2+ 31. Kd3 Rxf2 32. Rh8# 1-0

[Event "C.to Regionale Lombardia"]
[Site "Solaro ITA"]
[Date "2011.05.27"]
[Round "1"]
[White "Pelizzola, Danilo"]
[Black "Ferraris, Fulvio"]
[Result "1-0"]
[WhiteElo "2040"]
[BlackElo "1713"]
[PlyCount "79"]
[EventDate "2011.05.27"]

1. e4 e6 2. d4 d5 3. Nc3 Bb4 4. e5 Bxc3+ 5. bxc3 c5 6. Be3 c4 7. Nf3 Nc6 8. g3
h6 9. Bg2 Nge7 10. h4 Nf5 11. Qd2 Nxe3 12. Qxe3 Bd7 13. h5 b5 14. a3 a5 15. O-O
a4 16. Kh2 Qc7 17. Rab1 Rb8 18. Nh4 Ne7 19. f4 Kd8 20. Kg1 Kc8 21. Qc1 Kb7 22.
Qb2 Ka6 23. Bf3 Rhg8 24. Kf2 g5 25. hxg6 fxg6 26. Ng2 g5 27. Rh1 g4 28. Be2 Nf5
29. Nh4 Nxh4 30. Rxh4 Rg6 31. Rbh1 Rh8 32. Rxg4 Be8 33. Qb4 h5 34. Rxg6 Bxg6
35. Rh4 Qf7 36. Qd6+ Ka5 37. Bd1 Bf5 38. Qc5 Bg4 39. Ke1 Qf5 40. Qc7+ 1-0

[Event "C.to Regionale Lombardia"]
[Site "Solaro ITA"]
[Date "2011.05.27"]
[Round "1"]
[White "Puppi, Simone"]
[Black "Brioschi, Camillo"]
[Result "0-1"]
[WhiteElo "1362"]
[BlackElo "1819"]
[PlyCount "141"]
[EventDate "2011.05.27"]

1. e4 e5 2. Nf3 Nc6 3. Nc3 Nf6 4. Bc4 Nxe4 5. Nxe4 d5 6. Bb5 dxe4 7. Nxe5 Qd5
8. Nxc6 Qxb5 9. Nd4 Qg5 10. g3 Bg4 11. d3 Qh5 12. Qd2 O-O-O 13. c3 c5 14. Ne2
Rxd3 15. Qc2 Bxe2 16. Qxe2 Qxe2+ 17. Kxe2 Bd6 18. Be3 b6 19. c4 Be5 20. Rab1
Rhd8 21. b3 Bd4 22. Rbd1 Bxe3 23. Rxd3 Rxd3 24. fxe3 Kd7 25. Rf1 Ke6 26. Rf4 f5
27. g4 g6 28. h4 Rc3 29. Kd2 Rd3+ 30. Ke2 a5 31. h5 a4 32. bxa4 Ra3 33. hxg6
hxg6 34. gxf5+ gxf5 35. Rh4 Rxa2+ 36. Kd1 Rxa4 37. Rh6+ Ke5 38. Rxb6 Rxc4 39.
Kd2 f4 40. exf4+ Kxf4 41. Rf6+ Ke5 42. Rf7 Ra4 43. Kc3 Rd4 44. Rc7 Kd6 45. Rc8
Rd5 46. Re8 Re5 47. Rd8+ Ke7 48. Rd1 Ke6 49. Re1 Kf5 50. Rf1+ Kg4 51. Kd2 Rf5
52. Rg1+ Kf4 53. Rf1+ Ke5 54. Rc1 Kd4 55. Rd1 e3+ 56. Ke2+ Ke4 57. Rc1 Rf2+ 58.
Ke1 Kd4 59. Rd1+ Kc3 60. Rc1+ Rc2 61. Rd1 c4 62. Rd5 Rd2 63. Re5 Rd3 64. Ke2
Kc2 65. Ra5 Kc3 66. Ra3+ Kd4 67. Ra7 Rb3 68. Rc7 c3 69. Rc8 Rb2+ 70. Ke1 Kd3
71. Rd8+ 0-1

[Event "C.to Regionale Lombardia"]
[Site "Solaro ITA"]
[Date "2011.05.27"]
[Round "1"]
[White "Tagliaferri, Valerio"]
[Black "Scotti, Luigi"]
[Result "1-0"]
[WhiteElo "1869"]
[BlackElo "1535"]
[PlyCount "89"]
[EventDate "2011.05.27"]

1. c4 Nf6 2. Nc3 g6 3. g3 Bg7 4. Bg2 O-O 5. e4 e5 6. Nge2 d6 7. O-O Nc6 8. d3
Bd7 9. h3 Qc8 10. Kh2 Rb8 11. Rb1 a5 12. Be3 b6 13. Qd2 Nh5 14. g4 Nf6 15. a3
Ne7 16. Ng3 c6 17. f4 exf4 18. Bxf4 Ne8 19. Bg5 f6 20. Be3 Qc7 21. Rf2 b5 22.
cxb5 cxb5 23. Rc1 Rc8 24. Nd5 Qxc1 25. Qxa5 Nxd5 26. Bxc1 Rxc1 27. exd5 f5 28.
gxf5 Be5 29. Qd2 Rc8 30. fxg6 Rxf2 31. gxh7+ Kh8 32. Qxf2 Nc7 33. d4 Bg7 34.
Nh5 Rf8 35. Qc2 Ne8 36. Nxg7 Nxg7 37. Qc7 Rf7 38. Qxd6 Kxh7 39. Be4+ Bf5 40.
Qf4 Kg8 41. Bxf5 Nxf5 42. Qb8+ Kg7 43. Qxb5 Nxd4 44. Qd3 Rf2+ 45. Kg3 1-0

[Event "C.to Regionale Lombardia"]
[Site "Solaro ITA"]
[Date "2011.05.27"]
[Round "1"]
[White "Tarelli, Daniele"]
[Black "Bernasconi, Roberto"]
[Result "1/2-1/2"]
[WhiteElo "1596"]
[BlackElo "1934"]
[PlyCount "138"]
[EventDate "2011.05.27"]

1. e4 e5 2. Nf3 Nf6 3. Nxe5 d6 4. Nf3 Nxe4 5. d4 d5 6. Bd3 Be7 7. O-O Nc6 8. c4
Nf6 9. Nc3 O-O 10. Bg5 Be6 11. cxd5 Nxd5 12. Bxe7 Qxe7 13. Re1 Qf6 14. a3 Rad8
15. Ne4 Qe7 16. Neg5 h6 17. Nxe6 fxe6 18. Rc1 Qf6 19. Be4 Nce7 20. Qc2 c6 21.
Bh7+ Kh8 22. Be4 Nf5 23. Bxf5 exf5 24. Ne5 Nf4 25. Qc3 Kh7 26. Rcd1 Rfe8 27. g3
Nh3+ 28. Kg2 Ng5 29. f3 h5 30. b4 Re7 31. Rd3 Rde8 32. Rde3 Ne6 33. R3e2 h4 34.
Re3 Qh6 35. f4 h3+ 36. Kh1 Qf6 37. Qc4 g6 38. Nf3 Kg7 39. Ng1 Kf8 40. Nxh3 Qxd4
41. Qe2 Qd5+ 42. Qf3 Nxf4 43. Qxd5 Nxd5 44. Rxe7 Rxe7 45. Rf1 Kg7 46. Nf4 Nxf4
47. Rxf4 Kf6 48. Rf3 Re4 49. Rd3 Ke7 50. h4 Re5 51. Kg2 a5 52. bxa5 Rxa5 53.
Rb3 b5 54. Kf3 Ra4 55. Rd3 Rc4 56. Ke3 c5 57. Rb3 Ra4 58. Rxb5 Rxa3+ 59. Kf4 c4
60. Rc5 Rc3 61. Rc7+ Ke6 62. Rc6+ Kf7 63. Rc7+ Kf6 64. Rc6+ Kf7 65. g4 fxg4 66.
Kxg4 Rc1 67. Kg5 Rg1+ 68. Kf4 Rh1 69. Kg5 Rg1+ 1/2-1/2

[Event "C.to Regionale Lombardia"]
[Site "Solaro ITA"]
[Date "2011.05.27"]
[Round "1"]
[White "Villa, Giorgio"]
[Black "Vergano, Riccardo"]
[Result "1-0"]
[WhiteElo "1846"]
[BlackElo "1441"]
[PlyCount "65"]
[EventDate "2011.05.27"]

1. d4 Nf6 2. Nf3 d5 3. c4 c6 4. e3 Bg4 5. Nbd2 e6 6. Bd3 Be7 7. O-O Nbd7 8. b3
O-O 9. Bb2 Bb4 10. a3 Bxd2 11. Qxd2 Bxf3 12. gxf3 Ne8 13. Kh1 Qh4 14. Rg1 f5
15. Rg2 Rf6 16. Qb4 Rf7 17. Qxb7 Rb8 18. Qxc6 Rxb3 19. cxd5 exd5 20. Qc2 Rb6
21. Bxf5 Rbf6 22. Qc8 Rxf5 23. Qxe8+ Nf8 24. e4 R5f6 25. Rag1 Re6 26. Qa8 Rd7
27. Qxd5 Kh8 28. Qg5 Qxg5 29. Rxg5 Rb6 30. Bc3 Rb3 31. Rc5 Rxa3 32. Rc8 Kg8 33.
Bb4 1-0

[Event "C.to Regionale Lombardia"]
[Site "Solaro ITA"]
[Date "2011.05.27"]
[Round "1"]
[White "Vitale, Alessandro"]
[Black "Regorda, Vittorio"]
[Result "0-1"]
[WhiteElo "1566"]
[BlackElo "1877"]
[PlyCount "35"]
[EventDate "2011.05.27"]

1. e4 e6 2. c4 c5 3. Nc3 Nc6 4. Nf3 d6 5. d4 Nf6 6. d5 exd5 7. exd5 Qe7+ 8. Be2
Nb4 9. O-O Bf5 10. Bg5 O-O-O 11. Qa4 Kb8 12. a3 Bc2 13. b3 Na6 14. Ra2 Bf5 15.
b4 Bd7 16. b5 Nc7 17. Qa5 b6 18. Qa4 0-1

[Event "C.to Regionale Lombardia"]
[Site "Solaro ITA"]
[Date "2011.05.28"]
[Round "2"]
[White "Bertamini, Alberto"]
[Black "Aldeghi, Damiano"]
[Result "1-0"]
[WhiteElo "1671"]
[BlackElo "1416"]
[PlyCount "99"]
[EventDate "2011.05.27"]

1. d4 d5 2. c4 Nf6 3. Nc3 e6 4. Bg5 h6 5. Bh4 Nc6 6. Nf3 Bb4 7. e3 g5 8. Nxg5
hxg5 9. Bxg5 Be7 10. Qf3 b6 11. Bxf6 Bxf6 12. cxd5 Nb4 13. Bb5+ Bd7 14. Bxd7+
Kxd7 15. dxe6+ fxe6 16. Kd2 Qe7 17. Rac1 c6 18. Ne4 Nd5 19. a3 Raf8 20. Qe2 Rc8
21. b4 Bg7 22. Rc2 Nf6 23. Nxf6+ Bxf6 24. Qa6 Kd6 25. Rhc1 Rc7 26. h3 Rhc8 27.
Qc4 b5 28. Qd3 Qg7 29. g3 Qh7 30. e4 Bg5+ 31. f4 e5 32. dxe5+ Ke6 33. Qd6+ Kf7
34. e6+ Ke8 35. Qe5 Be7 36. Qf5 Rd8+ 37. Ke3 Qxf5 38. exf5 Rd6 39. g4 Bf6 40.
Rd2 Rxd2 41. Kxd2 Kd8 42. Kc2 Rh7 43. Rd1+ Kc7 44. g5 Bd8 45. f6 Kc8 46. g6
Rxh3 47. g7 Rh2+ 48. Kb1 Rg2 49. f7 Be7 50. f8=Q+ 1-0

[Event "C.to Regionale Lombardia"]
[Site "Solaro ITA"]
[Date "2011.05.28"]
[Round "2"]
[White "Biava, Pierluigi"]
[Black "Lamera, Giuseppe"]
[Result "1-0"]
[WhiteElo "1700"]
[BlackElo "1462"]
[PlyCount "75"]
[EventDate "2011.05.27"]

1. d4 d6 2. c4 c6 3. Nf3 Nf6 4. Nc3 Qa5 5. Bd2 Qb6 6. Qc2 Bg4 7. e3 Nbd7 8. Be2
Bxf3 9. Bxf3 e5 10. Na4 Qc7 11. O-O Be7 12. b4 O-O 13. Rfc1 Rfe8 14. b5 c5 15.
dxc5 dxc5 16. Nc3 Rad8 17. Nd5 Nxd5 18. Bxd5 Nf6 19. e4 Rd6 20. a4 Red8 21. Bc3
Nd7 22. a5 b6 23. Qb2 Rg6 24. Ra3 Bd6 25. Rca1 Nf6 26. axb6 axb6 27. Ra7 Rxg2+
28. Kxg2 Qc8 29. f3 Nxd5 30. cxd5 f6 31. Qa2 h5 32. Qa6 c4 33. Qxc8 Rxc8 34.
Ra8 Bb8 35. R1a6 Rf8 36. Rxb6 Bc7 37. Rxf8+ Kxf8 38. Rb7 1-0

[Event "C.to Regionale Lombardia"]
[Site "Solaro ITA"]
[Date "2011.05.28"]
[Round "2"]
[White "Borgo, Giulio"]
[Black "Moroni, Luca jr"]
[Result "1-0"]
[WhiteElo "2399"]
[BlackElo "1911"]
[PlyCount "97"]
[EventDate "2011.05.27"]

1. c4 c5 2. Nf3 Nf6 3. Nc3 Nc6 4. d4 cxd4 5. Nxd4 d6 6. e4 Nxd4 7. Qxd4 e6 8.
Bg5 Be7 9. O-O-O Bd7 10. Kb1 Qa5 11. Qd2 Bc6 12. Bd3 Rd8 13. Rhe1 h6 14. Bf4 g5
15. Nb5 Qxd2 16. Bxd2 Bxb5 17. cxb5 Ng4 18. Re2 Bf6 19. f3 Ne5 20. Bc2 Ke7 21.
Bb4 Rd7 22. Bb3 Ng6 23. b6 axb6 24. Ba4 Rdd8 25. Rc2 Be5 26. Rc7+ Kf6 27. Rxb7
Bxh2 28. Rxb6 Nh4 29. Rd2 Bf4 30. Rc2 Rc8 31. Bc6 h5 32. a4 Nxf3 33. gxf3 h4
34. Bc3+ Be5 35. f4 gxf4 36. Rf2 Bxc3 37. bxc3 e5 38. a5 h3 39. Rh2 f3 40. a6
f2 41. Rxf2+ Kg5 42. Rh2 Kf4 43. Bd7 Rxc3 44. Kb2 Rc5 45. Rxh3 Rxh3 46. Bxh3
Ra5 47. Bd7 Kxe4 48. Rb4+ Kd3 49. Ra4 1-0

[Event "C.to Regionale Lombardia"]
[Site "Solaro ITA"]
[Date "2011.05.28"]
[Round "2"]
[White "Brigatti, Lorenzo"]
[Black "Pelizzola, Danilo"]
[Result "0-1"]
[WhiteElo "1841"]
[BlackElo "2040"]
[PlyCount "62"]
[EventDate "2011.05.27"]

1. e4 c5 2. Nf3 Nc6 3. Bb5 d6 4. Bxc6+ bxc6 5. O-O e5 6. d3 Nf6 7. Nbd2 g6 8.
Nc4 Bg7 9. Bg5 O-O 10. Re1 Qc7 11. c3 Be6 12. Rc1 Rae8 13. Qa4 Nd7 14. Be3 Nb6
15. Nxb6 axb6 16. d4 Ra8 17. Qc2 Rxa2 18. Red1 f6 19. Ne1 Qf7 20. d5 cxd5 21.
exd5 Bf5 22. Qb3 Qa7 23. h3 b5 24. Nc2 Qa4 25. Qxa4 Rxa4 26. Na3 Bd7 27. Rd2
Rb8 28. f4 Re4 29. Bf2 Bh6 30. Rd3 Re2 31. Rb1 Bf5 0-1

[Event "C.to Regionale Lombardia"]
[Site "Solaro ITA"]
[Date "2011.05.28"]
[Round "2"]
[White "Brioschi, Camillo"]
[Black "Miracola, Massimiliano"]
[Result "1/2-1/2"]
[WhiteElo "1819"]
[BlackElo "1970"]
[PlyCount "97"]
[EventDate "2011.05.27"]

1. d4 d5 2. c4 e6 3. Nc3 c6 4. Nf3 dxc4 5. a4 Bb4 6. g3 b5 7. axb5 cxb5 8. Bg2
Bb7 9. O-O a6 10. Bg5 Nf6 11. Re1 Nbd7 12. e4 h6 13. Bxf6 Nxf6 14. Ne5 Qb6 15.
d5 O-O 16. Ng4 Nxg4 17. Qxg4 f5 18. exf5 Rxf5 19. Rxe6 Qxf2+ 20. Kh1 Rg5 21.
Qe4 Bxc3 22. Re8+ Rxe8 23. Qxe8+ Qf8 24. Qe6+ Qf7 25. bxc3 Qxe6 26. dxe6 Bxg2+
27. Kxg2 Kf8 28. Rxa6 Rf5 29. Ra7 Re5 30. Rb7 Re3 31. Rxb5 Rxc3 32. Rb7 Rc1 33.
Rc7 c3 34. Kh3 c2 35. e7+ Kf7 36. Kg4 g6 37. Kh4 Ke8 38. Kg4 Rf1 39. Rxc2 Kxe7
40. Rc6 Kf7 41. Rc7+ Kf6 42. Rc6+ Kg7 43. Rc7+ Rf7 44. Rxf7+ Kxf7 45. Kf4 Kf6
46. g4 g5+ 47. Kf3 Ke5 48. Ke3 Kd5 49. Kd3 1/2-1/2

[Event "C.to Regionale Lombardia"]
[Site "Solaro ITA"]
[Date "2011.05.28"]
[Round "2"]
[White "Canciani, Alberto"]
[Black "Cervini, Gian Piero"]
[Result "0-1"]
[WhiteElo "1587"]
[BlackElo "1752"]
[PlyCount "56"]
[EventDate "2011.05.27"]

1. c4 g6 2. Nc3 Bg7 3. e4 d6 4. d4 Nf6 5. h3 O-O 6. Nf3 Nbd7 7. Be3 c5 8. d5
Nb6 9. Qd2 Re8 10. Bd3 e6 11. O-O-O exd5 12. cxd5 Bd7 13. g4 Na4 14. Nxa4 Bxa4
15. b3 Bd7 16. Bg5 a5 17. Rhe1 a4 18. e5 dxe5 19. Nxe5 axb3 20. axb3 Qc7 21.
Nxd7 Qxd7 22. Rxe8+ Nxe8 23. Bb1 Nd6 24. Re1 Nb5 25. Re7 Qd6 26. Qf4 Qxd5 27.
Qc4 Qxg5+ 28. f4 Qxe7 0-1